00823naa#a2200157#i#4500001001600000005001700016100004100033102000700074200013200081210018400213215001000397608004500407675014800452700005200600856001300652RU\\bibl\12481620260604095424.4##a20260531b2026####ek#y0rusy0150####ca##aRU1#aТРАСОЛОГИЧЕСКИЕ ИССЛЕДОВАНИЯ, СОВРЕМЕННЫЕ МЕТОДЫeЖурнальная статья1#aМоскваcНациональный исследовательский университет "Московский институт электронной техникиd2026##a0 с.##aЖурнальная статья2local##aТрассология. 343.982.35aКриминалистика. Криминалистическая техника и тактика. 343.98#1aБарбачаковаgЮлия Юрьевна4#ahtlaw.ru